NCAA Basketball 2011: Alabama State University Quiz Stats

 Plays Quiz Updated Oct 14, 2016

Score 0/27 Timer 05:00
0 Plays Today
Hint Answers % Correct
NicknameHornets
60.4%
ColorsBlack and Old Gold
52.8%
CityMontgomery, Alabama
41.1%
ConferenceSouthwestern Athletic Conference
34.8%
GuardIvan Johnson
28.9%
CoachLewis Jackson
25.4%
GuardIvory White
20.3%
First Round OpponentUT-San Antonio
17.4%
ForwardStephawn Brown
17%
GuardLarry Williams Jr
16.8%
CenterPatrick Davis
13.8%
Basketball ArenaDunn-Oliver Acadome
11.3%
ForwardJordan Jefferson
9.6%
GuardTramaine Butler
9.4%
Hint Answers % Correct
GuardKenderek Washington
9%
ForwardChris Duncan
8.8%
GuardRyan Watts
7.8%
GuardKaylim Noel
7.8%
ForwardRobert Sanders
7.5%
ForwardShareif Adamu
6.7%
GuardJeffery Middlebrooks
6.5%
ForwardTramayne Moorer
6.3%
GuardDwyane Harvey
6.3%
ForwardAdrian Spellman
6.3%
All-time Leading Scorer (1597 points)Andrew Hayles
6.1%
Highest NBA Scoring AlumKevin Loder
5.9%
GuardA.J. Spencer
5.7%

You're not logged in!

Compare scores with friends on all Sporcle quizzes.
OR
Log In

You Might Also Like...

Show Comments

Extras

Top Quizzes Today


Score Distribution

Your Account Isn't Verified!

In order to create a playlist on Sporcle, you need to verify the email address you used during registration. Go to your Sporcle Settings to finish the process.

Report this User

Report this user for behavior that violates our Community Guidelines.

Details: